00694nmm a2200169 a 450000500170000000800410001702000180005804000250007604100080010111000470010924501540015625600370031026000670034730000470041453800370046165000260049820170208144302.0170208b xxu||||| |||| 00| 0 spa d a9789584415219 aCO-BoIAVHcCO-BoIAVH aspa1 aÁrea Metropolitana del Valle de Aburrá10aManual de buenas prácticas ambientales para el sector de la construcción:bformación para una gestión integral de los procesos constructivos. aMultimedia ejecutable (1.996 KB) aMedellín:bArea Metropolitana del Valle de Aburrá, c2007. a1 CD-RombMultimedia ejecutable (1.996 KB) aMultimedia ejecutable (1.996 KB)1 aProcesos construtivos